000 00429cam a2200169ua 4500
041 _aeng
_h
082 _a664
_bJUS/FO
100 _aJustin, Margaret M .
245 _aFoods: An introductory college course /
_cMargaret M Justin.
_hTextual Documents
250 _a4 /
_b.
260 _a :
_bHoughton Mifflin Company.
300 _a768 ; .
504 _a
700 1 _aOsburn, Rust .
942 _cBK
999 _c10717
_d10717